Kur'an hat ve tezhibinden parıltılar (Record no. 8573)

000 -LEADER
fixed length control field 01101nmm a2200325 a 4500
001 - CONTROL NUMBER
control field ocm000754735
003 - CONTROL NUMBER IDENTIFIER
control field TR-IsHL
005 - DATE AND TIME OF LATEST TRANSACTION
control field 20201028142832.0
008 - FIXED-LENGTH DATA ELEMENTS--GENERAL INFORMATION
fixed length control field 140118s2012 tu tur
007 - PHYSICAL DESCRIPTION FIXED FIELD--GENERAL INFORMATION
fixed length control field cr cn
020 ## - INTERNATIONAL STANDARD BOOK NUMBER
International Standard Book Number 9783908153856
035 ## - SYSTEM CONTROL NUMBER
System control number 754735
-- (N$T)
050 04 - LIBRARY OF CONGRESS CALL NUMBER
Classification number NK3636.5.A2
Item number L36 2012
090 04 - LOCALLY ASSIGNED LC-TYPE CALL NUMBER (OCLC); LOCAL CALL NUMBER (RLIN)
Classification number (OCLC) (R) ; Classification number, CALL (RLIN) (NR) NK3636.5.A2
Local cutter number (OCLC) ; Book number/undivided call number, CALL (RLIN) L36 2012
100 1# - MAIN ENTRY--PERSONAL NAME
Personal name Lings, Martin,
245 10 - TITLE STATEMENT
Title Kur'an hat ve tezhibinden parıltılar
Medium [electronic resource] /
Statement of responsibility, etc. Martin, Lings ; translated by Turan Koç
260 ## - PUBLICATION, DISTRIBUTION, ETC.
Place of publication, distribution, etc. İstanbul :
Name of publisher, distributor, etc. İstanbul Ticaret Odası,
Date of publication, distribution, etc. 2012
300 ## - PHYSICAL DESCRIPTION
Extent 459 p.
650 #4 - SUBJECT ADDED ENTRY--TOPICAL TERM
Topical term or geographic name entry element Felsefe, Psikoloji ve Din
650 #4 - SUBJECT ADDED ENTRY--TOPICAL TERM
Topical term or geographic name entry element Philosophy, Psychology and Religion
650 #0 - SUBJECT ADDED ENTRY--TOPICAL TERM
Topical term or geographic name entry element Hat sanatı, Arapça
650 #0 - SUBJECT ADDED ENTRY--TOPICAL TERM
Topical term or geographic name entry element Calligraphy, Arabic
650 #0 - SUBJECT ADDED ENTRY--TOPICAL TERM
Topical term or geographic name entry element Tezhip, Kitaplar ve el yazmaları
General subdivision İslam
650 #0 - SUBJECT ADDED ENTRY--TOPICAL TERM
Topical term or geographic name entry element Illumination of books and manuscripts, Islamic
650 #0 - SUBJECT ADDED ENTRY--TOPICAL TERM
Topical term or geographic name entry element Kuran
650 #0 - SUBJECT ADDED ENTRY--TOPICAL TERM
Topical term or geographic name entry element Koran
650 #7 - SUBJECT ADDED ENTRY--TOPICAL TERM
Topical term or geographic name entry element ART / Techniques / Calligraphy
Source of heading or term bisacsh
700 1# - ADDED ENTRY--PERSONAL NAME
Personal name Koç, Turan
856 40 - ELECTRONIC LOCATION AND ACCESS
Uniform Resource Identifier <a href="http://search.ebscohost.com/login.aspx?direct=true&scope=site&db=e011xww&AN=754735">http://search.ebscohost.com/login.aspx?direct=true&scope=site&db=e011xww&AN=754735</a>
Holdings
Withdrawn status Lost status Source of classification or shelving scheme Damaged status Not for loan Collection code Permanent Location Current Location Date acquired Total Checkouts Full call number Barcode Date last seen Price effective from Koha item type
        Online   Kıbrıs Amerikan Üniversitesi Kütüphanesi / American University of Cyprus Kıbrıs Amerikan Üniversitesi Kütüphanesi / American University of Cyprus 28.10.2020   NK3636.5.A2 L36 2012 754735 28.10.2020 28.10.2020 E-Kitap
Devinim Yazılım Eğitim Danışmanlık tarafından Koha'nın orjinal sürümü uyarlanarak geliştirilip kurulmuştur.